000 01880cad a22002295a 4500
001 L148016
008 090714e20090714xxk f f000 0 eng d
035 _a(Sirsi) u148016
041 0 _aeng
050 0 4 _a306.1 $2 18
110 1 _aUnited Kingdom
_bParliament
_bHouse of Commons
_bCommunities and Local Government Committee
_95139
245 0 0 _aCommunities and Local Government Committee
_beighth report, housing and the credit crunch, follow-up
_h[electronic resource]
260 _aLondon
_bUK Parliament
_c2009
505 2 _aSummary --1 - Introduction -- Background -- Oral evidence session -- Issues covered in this report -- 2 - Issues arising from our follow-up evidence session -- The 2009 Budget -- Reaction to the Budget -- The Government's housing targets -- The flow of mortgage finance -- The balance of housing tenure -- 3 - Conclusion -- Conclusions and recommendations -- Formal minutes -- Witnesses -- List of written evidence -- List of reports from the Committee during the current Parliament
520 _aPresents findings on key issues in housing in the context of the credit crunch. Finds that Governmental measures are insufficient in stimulating the housebuilding sector and housing market activity in general. Recommends the Government should take all measures necessary to keep capacity in the housebuilding sector and ensure housebuilders are able to sell the houses they build. Suggests that the Treasury Asset-backed Guarantee Scheme is not efficient enough, and that mortgage funding should be more easily available.
521 _aAdvanced
590 _aKA NTK
651 4 _aUnited Kingdom
_y
690 _aPROPERTY-RESIDENTIAL PROPERTY-RESIDENTIAL PROPERTY MARKET
856 4 0 _uhttps://www.publications.parliament.uk/pa/cm200809/cmselect/cmcomloc/568/56802.htm
_zView the item free of charge at www.publications.parliament.uk...
942 _n0
999 _c109841
_d109841